Noční partie. 1. díl, Hraj o svůj osud /
Romantický městský fantasy román, v němž se střídají žhavé scény s napínavou akcí, a pozvolna se rozkrývá prastará záhada. Připravte se na mix vášně, dobrodružství a magie s lehkou příměsí humoru.
Uloženo v:
| Série: | Noční partie,
část 1 |
|---|---|
| Hlavní autor: | |
| Další autoři: | |
| Médium: | E-kniha |
| Jazyk: | Czech |
| Vydáno: |
Praha :
Dobrovský s.r.o.,
2023
|
| Edice: | King Cool
|
| Témata: | |
| Příbuzné jednotky: | Z cyklu::
Noční partie |
| Tagy: |
Žádné tagy |
| LEADER | 03285nam a2200553 i 4500 | ||
|---|---|---|---|
| 001 | 312126 | ||
| 003 | CZ PrSKC | ||
| 005 | 20260601215717.0 | ||
| 007 | ta | ||
| 008 | 231010s2023 xr a d 000 f cze | ||
| 015 | |a cnb003554729 | ||
| 020 | |a 9788027713332 |q (brožováno) | ||
| 035 | |a (OCoLC)1420608303 | ||
| 040 | |a ABG001 |b cze |e rda | ||
| 041 | 1 | |a cze |h ger | |
| 072 | 7 | |a 821.112.2-3 |x Německá próza, německy psaná |2 Konspekt | |
| 072 | 7 | |a 821-93 |x Literatura pro děti a mládež (beletrie) |2 Konspekt | |
| 080 | |a 821.112.2-31 |2 MRF | ||
| 080 | |a 821-93-053.67 |2 MRF | ||
| 080 | |a 821-93 |2 MRF | ||
| 080 | |a (0:82-312.9) |2 MRF | ||
| 100 | 1 | |a Tack, Stella, |d 1995- |7 xx0275189 |4 aut | |
| 240 | 1 | 0 | |a Spiel um dein Schicksal. |l Česky |
| 245 | 1 | 0 | |a Noční partie. |n 1. díl, |p Hraj o svůj osud / |c Stella Tack ; přeložila Jana Čeřenová |
| 246 | 3 | 0 | |a Hraj o svůj osud |
| 264 | 1 | |a Praha : |b Dobrovský s.r.o., |c 2023 | |
| 300 | |a 369 stran : |b ilustrace ; |c 20 cm | ||
| 336 | |a text |b txt |2 rdacontent | ||
| 337 | |a bez média |b n |2 rdamedia | ||
| 338 | |a svazek |b nc |2 rdacarrier | ||
| 490 | 1 | |a King Cool | |
| 500 | |a Přeloženo z němčiny | ||
| 520 | 2 | |a Romantický městský fantasy román, v němž se střídají žhavé scény s napínavou akcí, a pozvolna se rozkrývá prastará záhada. Připravte se na mix vášně, dobrodružství a magie s lehkou příměsí humoru. |b Už celá staletí sužuje šlechtické rody Chesterfieldů a St. Burringtonů nepřemožitelná kletba - a to až do dnešních dní, kdy se z obou sídel staly elitní internátní školy. Nic z toho netuší středoškolačka Alice, která po sérii záhadných událostí přijíždí do Chesterfieldu na letní kurz. Znamení na zápěstích spolužáků v ní nevzbudí podezření, o to víc ale její pozornost upoutá šarmantní, i když poněkud záhadný Vincent. Jeho úsměv ji okouzlí natolik, že na všechno kolem sebe zapomene - až jednoho dne v lese najde jednu ze svých spolužaček proměněnou v kámen a i na jejím zápěstí se objeví znamení šachové figurky... Černá, nebo bílá? Vybere si Alice stranu v téhle hře na lásku a smrt? Zjistí, kým ve skutečnosti je? A obstojí tváří v tvář kletbě? Nakladatelská anotace. Kráceno. | |
| 655 | 7 | |a německé romány |7 fd132945 |2 czenas | |
| 655 | 7 | |a fantasy romány |7 fd184199 |2 czenas | |
| 655 | 7 | |a literatura young adult |7 fd1185572 |2 czenas | |
| 655 | 7 | |a publikace pro mládež |7 fd133157 |2 czenas | |
| 655 | 9 | |a German fiction |2 eczenas | |
| 655 | 9 | |a fantasy novels |2 eczenas | |
| 655 | 9 | |a young adult literature |2 eczenas | |
| 655 | 9 | |a juvenile literature |2 eczenas | |
| 700 | 1 | |a Čeřenová, Jana |7 xx0196612 |4 trl | |
| 787 | 0 | 8 | |i Z cyklu: |t Noční partie |g 1 |
| 830 | 0 | |a King Cool | |
| 900 | |a ABA001 |b 20 | ||
| 044 | |a xr | ||
| 910 | |a RBIT002 | ||
| 998 | |d 388340 |a https://core.palmknihy.cz/api/books/388340/cover?s2mfi1 |b https://core.palmknihy.cz/api/books/388340/cover/400?s2mfi1 |c https://core.palmknihy.cz/api/books/388340/cover/50?s2mfi1 |e 2028-03-09 |g 376 |i 9788027713332 |j https://core.palmknihy.cz/api/books/388340/preview.epub |k https://core.palmknihy.cz/api/books/388340/preview.pdf |l |q 49 |r 1 |s https://www.palmknihy.cz/kniha/388340 |t ebook |y 2023 |z 0 |v Noční partie |w 1 | ||
| 999 | |d 312124 | ||